| 000 | 01057cam a2200313 a 4500 | ||
|---|---|---|---|
| 999 |
_c126264 _d126264 |
||
| 001 | 4223343 | ||
| 003 | ARRUPE | ||
| 005 | 20170309142604.0 | ||
| 008 | 820512r19821978nyu b 001 0 eng | ||
| 010 | _a 82008063 | ||
| 020 |
_a0826401945 (pbk.) : _c$12.95 |
||
| 040 |
_aDLC _cDLC _dDLC _dOCoLC |
||
| 050 | 0 | 0 |
_aHM101 _b.E745 1982 |
| 082 | 0 | 0 |
_a300 _219 |
| 245 | 0 | 4 |
_aThe Essential Frankfurt school reader / _cedited by Andrew Arato & Eike Gebhardt ; introduction by Paul Piccone. |
| 260 |
_aNew York : _bContinuum, _c1982. |
||
| 300 |
_axxi, 559 p. ; _c23 cm. |
||
| 500 | _aOriginally published. New York : Urizen Books, c1978. | ||
| 500 | _aIncludes index. | ||
| 504 | _aBibliography: p. 530-541. | ||
| 650 | 0 |
_aMass society. _xAddresses, essays, lectures _929276 |
|
| 650 | 0 |
_aPolitical science. _xAddresses, essays, lectures _918979 |
|
| 650 | 0 |
_aEconomics. _vAddresses, essays, lectures _929277 |
|
| 650 | 0 |
_aSocial sciences _xMethodology. _xAddresses, essays, lectures _929278 |
|
| 700 | 1 |
_aArato, Andrew. _929279 |
|
| 700 | 1 |
_aGebhardt, Eike. _929280 |
|
| 740 | 0 | _aFrankfurt school reader. | |
| 906 |
_a7 _bcbc _corignew _d1 _eocip _f19 _gy-gencatlg |
||
| 942 |
_2lcc _cMONOGRAPH |
||